Library Logo

Pioneer International University Library Catalogue

The spike / (Record no. 8874)

MARC details
000 -LEADER
fixed length control field 00740cam a2200253 i 4500
001 - CONTROL NUMBER
control field 865329
003 - CONTROL NUMBER IDENTIFIER
control field OSt
005 - DATE AND TIME OF LATEST TRANSACTION
control field 20250901165747.0
008 - FIXED-LENGTH DATA ELEMENTS--GENERAL INFORMATION
fixed length control field 791116s1980 nyu 000 1 eng
010 ## - LIBRARY OF CONGRESS CONTROL NUMBER
LC control number 79025705
020 ## - INTERNATIONAL STANDARD BOOK NUMBER
International Standard Book Number 0517536242 :
Terms of availability $12.95 (est.)
040 ## - CATALOGING SOURCE
Original cataloging agency DLC
Transcribing agency DLC
Modifying agency DLC
-- OCoLC
050 00 - LIBRARY OF CONGRESS CALL NUMBER
Classification number PR 6054 .E27 S68 1980
Item number S68 1980
082 00 - DEWEY DECIMAL CLASSIFICATION NUMBER
Classification number 823/.9/14
100 1# - MAIN ENTRY--PERSONAL NAME
Personal name De Borchgrave, Arnaud.
245 14 - TITLE STATEMENT
Title The spike /
Statement of responsibility, etc. Arnaud de Borchgrave and Robert Moss.
250 ## - EDITION STATEMENT
Edition statement 1st ed.
260 ## - PUBLICATION, DISTRIBUTION, ETC.
Place of publication, distribution, etc. New York :
Name of publisher, distributor, etc. Crown Publishers,
Date of publication, distribution, etc. c1980.
300 ## - PHYSICAL DESCRIPTION
Extent 374 p. ;
Dimensions 24 cm.
655 #7 - INDEX TERM--GENRE/FORM
Genre/form data or focus term Spy stories.
Source of term gsafd
700 1# - ADDED ENTRY--PERSONAL NAME
Personal name Moss, Robert,
Dates associated with a name 1946-
Relator term joint author.
906 ## - LOCAL DATA ELEMENT F, LDF (RLIN)
a 7
b cbc
c orignew
d 1
e ocip
f 19
g y-gencatlg
942 ## - ADDED ENTRY ELEMENTS (KOHA)
Source of classification or shelving scheme Library of Congress Classification
Koha item type Books
Holdings
Withdrawn status Lost status Source of classification or shelving scheme Damaged status Not for loan Home library Current library Shelving location Date acquired Total checkouts Full call number Barcode Date last seen Price effective from Koha item type
    Library of Congress Classification     Main Library Main Library   10/11/2024   PR 6054 .E27 S68 1980 PIU0007314 10/11/2024 10/11/2024 Books